Loading...
| Science - Other | 0 | 11 | 0 | 0 | 110 | 20 | 52.27 | 10 | 11 | 0.00 | 0.00 |
| Science - Chemistry | 0 | 8 | 1 | 0 | 75 | 67 | 96.88 | 3 | 8 | 0.00 | 0.00 |
| Science - Physics | 0 | 8 | 3 | 0 | 65 | 45 | 67.88 | 8 | 8 | 0.00 | 0.00 |
| Science - Biology | 0 | 7 | 1 | 0 | 65 | 40 | 90.00 | 2 | 7 | 0.00 | 0.00 |
| Philosophy | 0 | 4 | 1 | 0 | 35 | 31 | 60.75 | 2 | 3 | 0.00 | 0.00 |
| Religion | 0 | 3 | 1 | 0 | 25 | 60 | 85.67 | 1 | 2 | 0.00 | 0.00 |
| Fine Arts - Classical Music | 0 | 2 | 0 | 0 | 20 | 72 | 93.50 | 1 | 1 | 0.00 | 0.00 |
| Social Science | 0 | 2 | 1 | 0 | 15 | 55 | 75.50 | 1 | 2 | 0.00 | 0.00 |
| Literature - British | 0 | 1 | 0 | 1 | 10 | 154 | 154.00 | 0 | 0 | 0.00 | 0.00 |
| Literature - American | 0 | 1 | 0 | 0 | 10 | 130 | 130.00 | 0 | 0 | 0.00 | 0.00 |
| History - European | 0 | 1 | 0 | 0 | 10 | 78 | 78.00 | 0 | 1 | 0.00 | 0.00 |
| Fine Arts - Painting and Sculpture | 0 | 1 | 0 | 0 | 10 | 113 | 113.00 | 0 | 1 | 0.00 | 0.00 |
| Fine Arts - Other | 0 | 0 | 1 | 0 | -5 | 0.00 | 0 | 0 | 0.00 | 0.00 | |
| Current Events | 0 | 0 | 1 | 0 | -5 | 0.00 | 0 | 0 | 0.00 | 0.00 |